Scottish house condition survey (Record no. 106303)

MARC details
000 -LEADER
fixed length control field 01243cam a2200241 4500
001 - CONTROL NUMBER
control field ##L136065
008 - FIXED-LENGTH DATA ELEMENTS--GENERAL INFORMATION
fixed length control field 070108n2006 000 0 eng u
020 ## - INTERNATIONAL STANDARD BOOK NUMBER
International Standard Book Number 0755983938
035 ## - SYSTEM CONTROL NUMBER
System control number (Sirsi) u136065
041 0# - LANGUAGE CODE
Language code of text/sound track or separate title eng
050 04 - LIBRARY OF CONGRESS CALL NUMBER
Classification number 333.72 $2 18
100 1# - MAIN ENTRY--PERSONAL NAME
Personal name Hinchliffe, Stephen
245 00 - TITLE STATEMENT
Title Scottish house condition survey
Remainder of title energy efficiency and estimated emissions from the Scottish housing stock 2003-04
260 ## - PUBLICATION, DISTRIBUTION, ETC.
Place of publication, distribution, etc. [S.l.]
Name of publisher, distributor, etc. Scottish Executive
Date of publication, distribution, etc. 2006
520 ## - SUMMARY, ETC.
Summary, etc. Provides a detailed analysis of the energy efficiency of the Scottish housing stock, including the associated modelled level of emissions of carbon dioxide, sulphurous oxides and nitrogen oxides. Reveals that 40% of dwellings rated good on the National Home Energy Rating scale in 2003-04, compared to 31% in 2002. In addition, 71% of dwellings built since 1982 achieved a good rating.
590 ## - LOCAL NOTE (RLIN)
Local note KA
650 24 - SUBJECT ADDED ENTRY--TOPICAL TERM
Topical term or geographic name entry element NATIONAL HOME ENERGY RATING
651 #4 - SUBJECT ADDED ENTRY--GEOGRAPHIC NAME
Geographic name Scotland
Chronological subdivision 1999-
690 ## - LOCAL SUBJECT ADDED ENTRY--TOPICAL TERM (OCLC, RLIN)
Topical term or geographic name as entry element ENVIRONMENTAL AND LAND CONSULTANCY-ENERGY-ENERGY USE-ENERGY EFFICIENCY
710 1# - ADDED ENTRY--CORPORATE NAME
Corporate name or jurisdiction name as entry element Scotland
Subordinate unit Scottish Executive
9 (RLIN) 4769
856 40 - ELECTRONIC LOCATION AND ACCESS
Uniform Resource Identifier <a href="https://www.scotland.gov.uk/Publications/2006/12/18132350/0">https://www.scotland.gov.uk/Publications/2006/12/18132350/0</a>
Public note View the report free of charge at www.scotland.gov.uk...
942 ## - ADDED ENTRY ELEMENTS (KOHA)
Suppress in OPAC 0
Holdings
Withdrawn status Lost status Source of classification or shelving scheme Damaged status Not for loan Home library Current library Shelving location Date acquired Total Checkouts Full call number Barcode Date last seen Copy number Price effective from Koha item type
    Dewey Decimal Classification     Virtual Virtual Online 08/01/2007   ONLINE PUBLICATION 136065-2001 06/08/2019 1 06/08/2019 Book